000 00427nam a2200181Ia 4500
008 210210b1957 xxu||||| |||| 00| 0 eng d
041 _aeng
082 _a821/916
100 _aMILLER (H)
245 _aBest One-Act Plays 1956-1957
260 _aLondon
_bGeorge G Harrap & Co Ltd.
_c1957
650 _aPlays
650 _aOne-Act
650 _aBest
650 _a1956-1957
690 _aEnglish Drama
906 _a012082
999 _c130833
_d130833